00414nam a2200157Ia 4500008004100000020002200041041000800063082001500071100001700086245004500103250001100148260004800159300000900207700002100216700001900237250602s2009 xx 000 0 und d a978-1-111-58098-8 aeng a570.21/SAT aStarr, Cecie aBiology: The Unity and Diversity of Life a13 Ed. aDELHIbCENGAGE LEARNING INDIA PVT LTDc2009 a627p aEvers, Christine aTaggart, Ralph